Obchodní právo a úpravy majetkových vztahů.
Univerzálna úprava vlastníckeho práva a zmluvný princíp ako kľúčové inštitúty súkromného práva. Problémy, vyplývajúce z nedostatočného právneho vedomia. Formy vlastníckeho vzťahu a obchodné právo. Súvislosť obchodného zákonníka s inými zákonmi. Význam obchodného zákonníka pre zahraničných podnikateľ...
Salvato in:
| Autore principale: | |
|---|---|
| Natura: | Capitolo di libro |
| Lingua: | ceco |
| Soggetti: | |
| Tags: |
Nessun Tag, puoi essere il primo ad aggiungerne!!
|
MARC
| LEADER | 00000naa a2200000 4500 | ||
|---|---|---|---|
| 001 | r007972 | ||
| 005 | 20220831090915.9 | ||
| 041 | 0 | |a cze | |
| 044 | |a [CS] | ||
| 245 | 1 | 0 | |a Obchodní právo a úpravy majetkových vztahů. |c S. Stuna |
| 520 | |a Univerzálna úprava vlastníckeho práva a zmluvný princíp ako kľúčové inštitúty súkromného práva. Problémy, vyplývajúce z nedostatočného právneho vedomia. Formy vlastníckeho vzťahu a obchodné právo. Súvislosť obchodného zákonníka s inými zákonmi. Význam obchodného zákonníka pre zahraničných podnikateľov v ČSFR. | ||
| 610 | 2 | 0 | |a právo obchodné |
| 610 | 2 | 0 | |a zákonník obchodný |
| 610 | 2 | 0 | |a ČSFR |
| 610 | 2 | 0 | |a vlastníctvo |
| 610 | 2 | 0 | |a podnikanie |
| 610 | 2 | 0 | |a podnik |
| 610 | 2 | 0 | |a zákony |
| 610 | 2 | 0 | |a podnikatelia |
| 610 | 2 | 0 | |a kapitál zahraničný |
| 100 | 1 | |a Stuna, S. | |